LEADER 00917nam a2200253 i 4500 001 000000166146 003 CaOOAMICUS 005 20161017000000.0 008 161017s1995 it u000 u ita u 013 $a143514 020 $a88-7746-835-1 040 $aSeMil$bita 100 1 $aLunati, Giancarlo.$0(OLS)http://semarc/name/36202 245 10$aCaprera e La manna /$cGiancarlo Lunati. 260 $aParma :$bGuanda,$c1995. 300 $a134 p. ;$c20 cm. 490 0 $aProsa contemporanea 830 0$aProsa contemporanea.$0(OLS)http://semarc/title/7118 850 $aSeMil 852 $aSeMil$W1$xVenegono$y1$m1A V 42$j117317$B117317$CSeMilBibl$Z2$F214705 $81 961 $aOmaggio: Ravasi mons. Gianfranco 996 $6020$a88-7746-835-1$9(OLS)http://semarc/number/152631 996 $6245$aCaprera e La manna$9(OLS)http://semarc/title/237302 996 $6260$aParma :$bGuanda$9(OLS)http://semarc/publisher/31392 LEADER 00910nam a2200229 i 4500 001 000000043520 003 CaOOAMICUS 005 20090819000000.0 008 090819s1968 it u000 u ita u 013 $a14690 040 $aSeMil$bita 100 1 $aMassi, Pacifico.$0(OLS)http://semarc/name/21616 245 13$aIl mistero pasquale nella storia della salvezza /$cPacifico Massi. 260 $aRoma :$bSales,$c1968$e(Grottaferrata :$fTip. Cittą Nuova,$g1968) 300 $a140 p. ;$c21 cm. 490 0 $aChiesa viva ;$v7 650 4$aPasqua.$0(OLS)http://semarc/subject/5612 830 0$aChiesa viva ;$v7.$0(OLS)http://semarc/title/6693 850 $aSeMil 852 $aSeMil$W1$xVenegono$y1$m2B II 346$j9675$B9675$CSeMilBibl$Z2$F9675 $81 996 $6245$aIl mistero pasquale nella storia della salvezza$9(OLS)http://semarc/title/63993 996 $6260$aRoma :$bSales$9(OLS)http://semarc/publisher/31677